000 00770cam a22002657a 4500
001 15738124
005 20180202040952.0
008 090513s2010 mau b 000 0 eng d
010 _a 2009928541
020 _a9780312539481 (pbk.)
020 _a0312539487 (pbk.)
035 _a(OCoLC)ocn368048078
040 _aBTCTA
_cBTCTA
_dYDXCP
_dSLV
_dOBE
_dDLC
041 _aeng
042 _alccopycat
043 _an-us---
080 _a973.072 BAN
082 0 0 _a973.072 BAN
_223
100 _a16
101 _aHIS
245 0 2 _aA century of American historiography /
_cedited by James M. Banner, Jr.
906 _a7
_bcbc
_ccopycat
_d2
_eepcn
_f20
_gy-gencatlg
942 _2ddc
_cBK
999 _c41585
_d41585